<?xml version="1.0" encoding="UTF-8"?>
<record
    xmlns:xsi="http://www.w3.org/2001/XMLSchema-instance"
    xsi:schemaLocation="http://www.loc.gov/MARC21/slim http://www.loc.gov/standards/marcxml/schema/MARC21slim.xsd"
    xmlns="http://www.loc.gov/MARC21/slim">

  <leader>00516nam a2200157   4500</leader>
  <controlfield tag="005">20260417211214.0</controlfield>
  <controlfield tag="008">-</controlfield>
  <datafield tag="040" ind1=" " ind2=" ">
    <subfield code="a">Biblioteca LadoV Teor&#xE9;tica</subfield>
    <subfield code="c">Biblioteca LadoV Teor&#xE9;tica</subfield>
    <subfield code="e">rda</subfield>
  </datafield>
  <datafield tag="082" ind1="0" ind2="4">
    <subfield code="a">709.729.509.05</subfield>
    <subfield code="b">P438a</subfield>
  </datafield>
  <datafield tag="100" ind1="1" ind2=" ">
    <subfield code="a">Perez, Yarince</subfield>
  </datafield>
  <datafield tag="245" ind1="1" ind2="0">
    <subfield code="a">Antilog&#xED;a :</subfield>
    <subfield code="b">Una cr&#xED;tica del arte contempor&#xE1;neo en Nicaragua /</subfield>
    <subfield code="c">por Yarince Perez</subfield>
  </datafield>
  <datafield tag="260" ind1=" " ind2="1">
    <subfield code="a">Nicaragua : </subfield>
    <subfield code="b">Taller Nepantla,</subfield>
    <subfield code="c">2025</subfield>
  </datafield>
  <datafield tag="300" ind1=" " ind2=" ">
    <subfield code="a">137 p&#xE1;ginas : </subfield>
    <subfield code="b">texto ; </subfield>
    <subfield code="c">21.5 x 14 cm.</subfield>
  </datafield>
  <datafield tag="650" ind1=" " ind2="4">
    <subfield code="a">ARTE CONTEMPOR&#xC1;NEO</subfield>
  </datafield>
  <datafield tag="942" ind1=" " ind2=" ">
    <subfield code="2">ddc</subfield>
    <subfield code="c">1</subfield>
    <subfield code="n">0</subfield>
  </datafield>
  <datafield tag="999" ind1=" " ind2=" ">
    <subfield code="c">4640</subfield>
    <subfield code="d">4640</subfield>
  </datafield>
  <datafield tag="952" ind1=" " ind2=" ">
    <subfield code="0">0</subfield>
    <subfield code="1">0</subfield>
    <subfield code="2">ddc</subfield>
    <subfield code="4">0</subfield>
    <subfield code="7">0</subfield>
    <subfield code="a">LV</subfield>
    <subfield code="b">LV</subfield>
    <subfield code="d">2026-04-17</subfield>
    <subfield code="l">0</subfield>
    <subfield code="o">709.759.509.05 P438a</subfield>
    <subfield code="r">2026-04-17 19:00:02</subfield>
    <subfield code="w">2026-04-17</subfield>
    <subfield code="y">1</subfield>
  </datafield>
</record>
